Evolución histórica y análisis crítico de la sociedad conyugal de bienes en el Código Civil Chileno
Shranjeno v:
| Glavni avtor: | |
|---|---|
| Format: | Knjiga |
| Jezik: | španščina |
| Izdano: |
Santiago
Jurídica de Chile
1966
|
| Serija: | Memoria, 14
|
| Teme: | |
| Oznake: |
Označite
Brez oznak, prvi označite!
|
MARC
| LEADER | 00000nam a2200000 a 4500 | ||
|---|---|---|---|
| 001 | UCS1702 | ||
| 003 | CL-VaPUC | ||
| 008 | 970515e19660000CL |||||||||||||||||spa|d | ||
| 082 | 0 | 4 | |a 346.016 |b OLE |2 21 |
| 100 | |a Olea Alvarez, Vicente |e autor |9 386412 | ||
| 245 | 1 | 0 | |a Evolución histórica y análisis crítico de la sociedad conyugal de bienes en el Código Civil Chileno |
| 300 | |a 423 p | ||
| 942 | |c BK | ||
| 945 | |d 19970515 00:00:00 |a paguirre | ||
| 260 | |a Santiago |b Jurídica de Chile |c 1966 | ||
| 650 | 0 | |a Derecho civil |9 255013 | |
| 650 | 0 | |a Derecho de familia |9 255603 | |
| 650 | 7 | |a MATRIMONIO |2 CL-VaPUC |9 386413 | |
| 650 | 0 | |a Regímenes matrimoniales |9 357525 | |
| 650 | 0 | |a Sociedad conyugal |9 357527 | |
| 651 | 7 | |a CHILE |2 CL-VaPUC |9 386414 | |
| 583 | |a last modification |c 19970515 00:00:00 |k Rodrigo Vera | ||
| 490 | 0 | |a Memoria, 14 | |
| 999 | |c 259734 |d 259732 | ||
| 952 | |0 0 |1 0 |4 0 |6 346_016000000000000_OLE_1966 |7 0 |8 A |9 285001 |a BIBDER |b BIBDER |d 2019-11-19 |i 1848712 |o 346.016 OLE 1966 |p 1848712 |r 2023-01-25 |w 2019-11-19 |y BK |k DER | ||